Theory of point estimation
Na minha lista:
| Autor principal: | |
|---|---|
| Formato: | Livro |
| Idioma: | inglês |
| Publicado em: |
Nueva York
Wiley
1983
|
| Colecção: | Wiley. Series in Probability and Mathematical Statistics
|
| Assuntos: | |
| Tags: |
Adicionar Tag
Sem tags, seja o primeiro a adicionar uma tag!
|
MARC
| LEADER | 00000nam a2200000 a 4500 | ||
|---|---|---|---|
| 001 | UCW0781 | ||
| 003 | CL-VaPUC | ||
| 008 | 890616e19830000US |||||||||||||||||eng|d | ||
| 082 | 0 | 4 | |a 519.54 |b LEH |2 21 |
| 100 | |a Lehmann, Erich Leo |e author |9 452442 | ||
| 245 | 1 | 0 | |a Theory of point estimation |
| 300 | |a 506 p | ||
| 942 | |c BK | ||
| 945 | |d 19890616 00:00:00 | ||
| 260 | |a Nueva York |b Wiley |c 1983 | ||
| 650 | 7 | |a ESTIMACION DE PUNTO FIJO |2 CL-VaPUC |9 270094 | |
| 583 | |a last modification |c 19890616 00:00:00 |k Rodrigo Vera | ||
| 490 | 0 | |a Wiley. Series in Probability and Mathematical Statistics | |
| 999 | |c 215839 |d 215837 | ||
| 952 | |0 0 |1 0 |4 0 |6 519_540000000000000_LEH_1983 |7 0 |8 A |9 200926 |a BIBGIM |b BIBGIM |d 2019-11-14 |i 2680599 |o 519.54 LEH 1983 |p 2680599 |r 2025-01-15 |w 2019-11-14 |y BK |k EST | ||